000 00825nam a2200289Ia 4500
005 20260324115419.0
008 008 260324s9999 xx 000 0 eng d
020 _a9781351173360
037 _aEBOOK
040 _aCRL
040 _beng
040 _cCRL
041 _2eng
041 _aeng
084 _qCRL
100 _aMichèle Pezzagno; Maurizio Tira
_91154571
245 0 _aTown and Infrastructure Planning for Safety and Urban Quality
245 0 _bProceedings of the XXIII International Conference on Living and Walking in Cities (LWC 2017), June 15-16, 2017, Brescia, Italy
260 _bTaylor and Francis
260 _c2018
365 _a
365 _b340
856 _uhttp://www.taylorfrancis.com/books/9781351173360
942 _cEBOOK
999 _c1745441
_d1745441